Cries on statute law

Salvato in:
Dettagli Bibliografici
Autore principale: Edgar, S. G. G.
Natura: Libro
Pubblicazione: New Delhi: Universal law publishing co. PVT. Ltd., 1971.
Edizione:7th ed.
Soggetti:
Tags: Aggiungi Tag
Nessun Tag, puoi essere il primo ad aggiungerne!!

MARC

LEADER 00000nam a2200000 4500
020 |a NA  |c TZS 25000/= 
040 |a MUL  |b eng.  |e AACR 
082 |a 348.02 EDG 
100 |a Edgar, S. G. G.  
245 |a Cries on statute law  |c / S. G. G. Edgar 
250 |a 7th ed. 
260 |a New Delhi:  |b Universal law publishing co. PVT. Ltd.,  |c 1971. 
300 |a cxix, 639p. ;  |c 22 cm. 
500 |a Includes index 
650 |a Statute construction 
650 |a Private acts  
942 |c BK 
999 |c 1705  |d 1705